1171 1091 1647 1103 1101 1427 1345 1980 1745 1388 1168 1056 1785 1399 1799 1615 1350 1290 1259 1604 1743 1929 1244 1257 1287 1780 1173 1557 1736 1433 1148 1505 1755 1495 1189 1375 1130 1019 1211 1363 1923 1956 1979 1053 1468 1250 1534 1114 1551 1304 1709 1672 1983 1213 1968 1694 1719 1987 1161 1412 1526 1245 1418 1349 1968 1709 1332 1515 1071 1509 1304 1930 1852 1721 1955 1643 1796 1540 1246 1183 1542 1891 1272 1189 1134 1383 1901 1461 1228 1766 1314 1663 1296 1324 1092 1758 1399 1509 1054 BCNSPRNW ULIB Ver.6.0+V

เปลี่ยนเป็นภาษาไทย

Change to English
 แสดงรายละเอียดบรรณานุกรม
  กลับหน้าหลัก

Brief Record : Get Marc (ISO 2709) : E-mail record : QR code < ปิดหน้าต่าง
LEADER : 00000nam 2200000uu 4500
001    13399128673
003     ULIB
008    230928s||||||||th 000 0 tha d
020    ^a8856652048356
060    ^aWS440^bป541น
100    ^aป้านกใหญ่
245    ^aนิทานสร้างลักษณะนิสัย มีบทเรียนสอนใจ ให้เด็ก ๆ เห็นโทษของการไม่เชื่อผู้ใหญ่ นิทานเสริมสร้างพัฒนาการเพื่อลูกน้อย เจ้าลายลูกแมวจอมซน : Striped Naughty Kitten
250    ^aพิมพ์ครั้งที่ 1
260    ^aกรุงเทพฯ :^bบริษัท วรรณาพับลิชชิ่ง จำกัด,^cม.ป.ป.
300    ^a24 หน้า;^c19 ซม.
650    ^aนิทานเด็ก
945    ^p50^l0^i30045
999    ^aกัณชพร จุลอักษร
รายการนี้ยังไม่มีแท็ก
คุณยังไม่ได้ล็อกอิน คุณสามารถมีกิจกรรมร่วมกับเว็บไซต์ได้ แต่ต้องล็อกอินก่อน ::
  ล็อกอิน

รายการสื่อสารสนเทศ

ลำดับที่ ประเภท เลขเรียก/บาร์โค้ด สถานที่ สถานะ
1. วิทยาศาสตร์การแพทย์ และสุขภาพ
วิทยาศาสตร์การแพทย์ และสุขภาพ
WS440 ป541น ฉ.1 
  Barcode: 30045
ห้องสมุดวิทยาเขตนครสวรรค์
►หนังสือทั่วไป:l:General Books
บนชั้น

รายการใกล้เคียง
    ชื่อเรื่อง [นิทานสร้างลักษณะนิสัย มีบทเรียนสอนใจ ให้เด็ก ๆ เห็นโทษของการไม่เชื่อผู้ใหญ่ นิทานเสริมสร้างพัฒนาการเพื่อลูกน้อย เจ้าลายลูกแมวจอมซน : Striped Naughty Kitten]

    ผู้แต่ง [ป้านกใหญ่]

    หัวเรื่อง [นิทานเด็ก]

BibComment


ยังไม่เคยถูกคอมเมนท์

คอมเมนท์ทรัพยากรรายการนี้
  คอมเมนท์: นิทานสร้างลักษณะ..


 Copyright 2026. Bcnsprnw @Library